000 00699nab a2200193 4500
001 244442
003 OSt
005 20231004121219.0
007 tu
008 200917s2020|||||||
040 _aDE-2950
_cDE-2950
245 0 0 _aDer Wahl des Besseren gefolgt
_bKunst. Mehr als 180 Ausstellungen hat Armin Hauer für das Frankfurter Museum für Moderne Kunst kuratiert. Keiner kennt die Sammlung so gut wie er. Jetzt nimmt er nach 38 Berufsjahren Abschied/
_cSilvia Fichtner
264 _c2023
653 _aFrankfurt (Oder)
653 _aMuseum Junge Kunst
653 _aArmin Hauer
773 0 _g34. Jahrgang (2023) Nr. 226 vom 27.09.2023, S. 20, mit Foto
_tMärkische Oderzeitung
942 _2z
_cA
999 _c372751
_d372751